000 00468cam a2200145 4500500
005 20251012032440.0
041 _afre
042 _adc
100 1 0 _aMotoret, Laurence
_eauthor
245 0 0 _aPublications, colloques, séminaires et tables rondes sur le secret
260 _c1999.
500 _a59
786 0 _nSigila | 3 | 2 | 1999-12-20 | p. 155-157 | 1286-1715
856 4 1 _uhttps://shs.cairn.info/revue-sigila-1999-1-page-155?lang=fr&redirect-ssocas=7080
999 _c1547294
_d1547294